Bob's white christmas / (Record no. 113344)
[ view plain ]
| 000 -LEADER | |
|---|---|
| fixed length control field | 00548nam a2200193 a 4500 |
| 001 - CONTROL NUMBER | |
| control field | 2957 |
| 005 - DATE AND TIME OF LATEST TRANSACTION | |
| control field | 20140414132015.0 |
| 008 - FIXED-LENGTH DATA ELEMENTS--GENERAL INFORMATION | |
| fixed length control field | 051130s19uu xx 00 eng d |
| 020 ## - INTERNATIONAL STANDARD BOOK NUMBER | |
| International Standard Book Number | 0-439-34109-4 |
| 050 ## - LIBRARY OF CONGRESS CALL NUMBER | |
| Classification number | TR |
| Item number | B63 2001 |
| 100 ## - MAIN ENTRY--PERSONAL NAME | |
| Personal name | Inches, Alison |
| 245 ## - TITLE STATEMENT | |
| Title | Bob's white christmas / |
| Statement of responsibility, etc | adapted by Alison Inches ; illustrated by Mel Grant. |
| 260 ## - PUBLICATION, DISTRIBUTION, ETC. (IMPRINT) | |
| Place of publication, distribution, etc | New York : |
| Name of publisher, distributor, etc | Scholastic, |
| Date of publication, distribution, etc | 2001. |
| 300 ## - PHYSICAL DESCRIPTION | |
| Extent | 1 v. p. : ill. ; cm. |
| 440 ## - SERIES STATEMENT/ADDED ENTRY--TITLE | |
| Title | Bob the builder |
| 650 ## - SUBJECT ADDED ENTRY--TOPICAL TERM | |
| Topical term or geographic name as entry element | Christmas |
| General subdivision | Fiction. |
| 650 ## - SUBJECT ADDED ENTRY--TOPICAL TERM | |
| Topical term or geographic name as entry element | Children stories. |
| Withdrawn status | Lost status | Damaged status | Use restrictions | Home library | Current library | Shelving location | Date acquired | Source of acquisition | Cost, normal purchase price | Total Checkouts | Full call number | Barcode | Date last seen | Price effective from | Koha item type |
|---|---|---|---|---|---|---|---|---|---|---|---|---|---|---|---|
| Munich Library | Munich Library | Teachers Reference Section | 11/30/2005 | 175.00 | TR B63 2001 | M4895 | 04/14/2014 | 04/14/2014 | Books |